00489nam a2200181Ia 450000500170000000800410001702000180005804100120007608200150008810000170010324500520012026000440017230000210021665000200023765000150025765000160027270000190028820260429111916.0260429s9999||||xx |||||||||||||| ||und|| a9789360846947 aEnglish a620.5bMAY aMaya, Sheikh 0aNanowires : bcomplete handbook / cSheikh Maya aNew Delhi : bWordpen Academics,c2025. aviii, 127 p.; hb a Nanotechnology a Nanowires aEngineering a Ahamad, Zahra